书目信息 |
| 题名: |
当代充填理论基础与工程应用
|
|
| 作者: | 李帅 , 王新民 , 冯岩 编著 | |
| 分册: | ||
| 出版信息: | 长沙 中南大学出版社 2024.07 |
|
| 页数: | 344页 | |
| 开本: | 26cm | |
| 丛书名: | 普通高等教育新工科人才培养采矿工程专业精品教材 | |
| 单 册: | ||
| 中图分类: | TD853.34 | |
| 科图分类: | ||
| 主题词: | 矿山充填--kuang shan chong tian--高等教育--教材 | |
| 电子资源: | ||
| ISBN: | 978-7-5487-5877-8 | |
| 000 | 01711nam 2200349 450 | |
| 001 | 97478 | |
| 005 | 20250919161923.43 | |
| 010 | @a978-7-5487-5877-8@dCNY58.00 | |
| 100 | @a20241206d2024 em y0chiy50 ea | |
| 101 | 0 | @achi |
| 102 | @aCN@b430000 | |
| 105 | @aak a 000yy | |
| 106 | @ar | |
| 106 | @ar | |
| 200 | 1 | @a当代充填理论基础与工程应用@Adang dai chong tian li lun ji chu yu gong cheng ying yong@f李帅, 王新民, 冯岩编著 |
| 210 | @a长沙@c中南大学出版社@d2024.07 | |
| 215 | @a344页@c图@d26cm | |
| 225 | 2 | @a普通高等教育新工科人才培养采矿工程专业精品教材@Apu tong gao deng jiao yu xin gong ke ren cai pei yang cai kuang gong cheng zhuan ye jing pin jiao cai |
| 300 | @a有色金属行业教材建设项目 | |
| 312 | @a英文题名取自封面 | |
| 314 | @a李帅, 工学博士, 中南大学副教授、硕士生导师, 湖湘青年英才。主持国家省级自然科学基金2项、横向产学研项目10余项、湖南省及校级教改项目2项, 发表论文50余篇、专利授权10余项。 | |
| 320 | @a有书目 (第340-344页) | |
| 330 | @a本书系统介绍了当代地下矿山充填的最新理论研究成果及工程应用技术。内容包括概述、充填体作用机理、充填材料、充填试验、充填理论、充填装备、充填系统设计、充填系统可靠性对策、分级尾砂充填系统、全尾砂充填系统、组合料充填系统、国外充填系统工程案例共12个章节, 共介绍了国内外15个典型的矿山充填系统实例。 | |
| 410 | 0 | @12001 @a普通高等教育新工科人才培养采矿工程专业精品教材 |
| 510 | 1 | @aContemporary backfilling theoretical basis and engineering application@zeng |
| 606 | 0 | @a矿山充填@Akuang shan chong tian@x高等教育@j教材 |
| 690 | @aTD853.34@v5 | |
| 701 | 0 | @a李帅@Ali shuai@4编著 |
| 701 | 0 | @a王新民@Awang xin min@4编著 |
| 701 | 0 | @a冯岩@Afeng yan@4编著 |
| 801 | 0 | @aCN@c20250909 |
| 905 | @a河南城建学院图书馆@dTD853.34@eL263@f1 | |
| 当代充填理论基础与工程应用/李帅, 王新民, 冯岩编著.-长沙:中南大学出版社,2024.07 |
| 344页:图;26cm.-(普通高等教育新工科人才培养采矿工程专业精品教材) |
| 有色金属行业教材建设项目 |
| ISBN 978-7-5487-5877-8:CNY58.00 |
| 本书系统介绍了当代地下矿山充填的最新理论研究成果及工程应用技术。内容包括概述、充填体作用机理、充填材料、充填试验、充填理论、充填装备、充填系统设计、充填系统可靠性对策、分级尾砂充填系统、全尾砂充填系统、组合料充填系统、国外充填系统工程案例共12个章节, 共介绍了国内外15个典型的矿山充填系统实例。 |
| ● |
| 相关链接 |
|
|
|
正题名:当代充填理论基础与工程应用
索取号:TD853.34/L263
 
预约/预借
| 序号 | 登录号 | 条形码 | 馆藏地/架位号 | 状态 | 备注 |
| 1 | 1638524 | 216385249 | 自科库501/501自科库 22排1列1层/ [索取号:TD853.34/L263] | 在馆 |